|
|
|
|
| LEADER |
00000nam0a2200000 4500 |
| 001 |
160059 |
| 005 |
20231101222146.0 |
| 010 |
|
|
|a 9785911343453
|
| 035 |
|
|
|a (RuTPU)RU\TPU\book\173579
|
| 035 |
|
|
|a RU\TPU\book\117106
|
| 090 |
|
|
|a 160059
|
| 100 |
|
|
|a 20070122d2009 m y0rusy50 ca
|
| 101 |
0 |
|
|a rus
|
| 102 |
|
|
|a RU
|
| 105 |
|
|
|a y j 001zy
|
| 200 |
1 |
|
|a Управленческие решения
|e учебное пособие
|f А. Л. Ломакин, В. П. Буров, В. А. Морошкин
|
| 205 |
|
|
|a 2-е изд., испр. и доп.
|
| 210 |
|
|
|a Москва
|c Форум
|d 2009
|
| 215 |
|
|
|a 176 с.
|
| 225 |
1 |
|
|a Профессиональное образование
|
| 320 |
|
|
|a Библиогр.: с. 164-165.
|
| 330 |
|
|
|a В книге показаны: основные принципы и правила разработки технологии менеджмента; сущность и содержание важнейшей ее составляющей — управленческого решения; факторы, оказывающие существенное влияние на качество и эффективность принимаемых решений; правила и методы обоснования управленческих решений; информационное обеспечение процессов их выработки и принятия; особенности и методы коллективной выработки и принятия управленческих решений. В основу пособия положены материалы лекций, читаемых авторами в МЭЛИ, «МАТИ»—РГТУ и других высших учебных заведениях. Пособие предназначено, прежде всего, для студентов (особенно заочной формы обучения) и слушателей, изучающих вопросы современного менеджмента.
|
| 606 |
1 |
|
|a Управленческие решения
|x Принятие
|2 stltpush
|3 (RuTPU)RU\TPU\subj\37173
|9 58293
|
| 610 |
1 |
|
|a экономика
|
| 610 |
1 |
|
|a экономические решения
|
| 610 |
1 |
|
|a управление
|
| 610 |
1 |
|
|a менеджмент
|
| 610 |
1 |
|
|a технологии
|
| 610 |
1 |
|
|a методы
|
| 610 |
1 |
|
|a модели
|
| 610 |
1 |
|
|a обоснование
|
| 610 |
1 |
|
|a творческий подход
|
| 610 |
1 |
|
|a коллективные решения
|
| 610 |
1 |
|
|a мозговая атака
|
| 610 |
1 |
|
|a учебные пособия
|
| 686 |
|
|
|a У9(2)212.8я73
|v LBC/SL-A
|2 rubbk
|
| 700 |
|
1 |
|a Ломакин
|b А. Л.
|g Андрей Леонидович
|
| 701 |
|
1 |
|a Буров
|b В. П.
|g Владимир Петрович
|
| 701 |
|
1 |
|a Морошкин
|b В. А.
|g Виктор Алексеевич
|
| 801 |
|
1 |
|a RU
|b 63413507
|c 20090518
|g PSBO
|
| 801 |
|
2 |
|a RU
|b 63413507
|c 20121012
|g RCR
|
| 900 |
|
|
|a Управленческие решения
|
| 942 |
|
|
|c BK
|
| 959 |
|
|
|a 58/20090508
|d 1
|e 99,60
|f ЧЗГЛ:1
|